000 00544nam a2200193Ia 4500
005 20250326142355.0
008 250326s9999 xx 000 0 und d
020 _a81-85814-44-9
037 _aTextbook
040 _aFMSL
_beng
_cFMSL
041 _aeng
_2eng
084 _aX8(LZ8) N4
_qFMSL
100 _aSmarta Raja B
_9745971
245 0 _aStrategic pharmaceutical marketing
_cSmarta Raja B
260 _aNew Delhi
_bNew Delhi, Wheeler
_c1994
300 _axvii,289
942 _cTB
_hX8(LZ8) N4
999 _c1294717
_d1294717